000 00494 a2200169 4500
005 20260310123700.0
008 260310b |||||||| |||| 00| 0 eng d
020 _a9788197890598
040 _cSDCL
041 _2eng
_aeng
084 _aV2:51'N4 R5
100 _aSharma, Raghav Sharan
245 _aCRESCENT MOON AND THE TRICOLOUR :
_bThe Role of Muslims in the Indian Freedom Movement
260 _aDelhi :
_bL.G. Publishers Distributor,
_c2025.
300 _a557p.
942 _cTEXL
_2CC
999 _c1672558
_d1672558